<?xml version="1.0" encoding="UTF-8"?>
<record
    xmlns:xsi="http://www.w3.org/2001/XMLSchema-instance"
    xsi:schemaLocation="http://www.loc.gov/MARC21/slim http://www.loc.gov/standards/marcxml/schema/MARC21slim.xsd"
    xmlns="http://www.loc.gov/MARC21/slim">

  <leader>00638nam a22002297a 4500</leader>
  <controlfield tag="003">OSt</controlfield>
  <controlfield tag="005">20170105103441.0</controlfield>
  <controlfield tag="008">120420t        xxu||||| |||| 00| 0 eng d</controlfield>
  <datafield tag="020" ind1=" " ind2=" ">
    <subfield code="a"> 9781555813710</subfield>
  </datafield>
  <datafield tag="040" ind1=" " ind2=" ">
    <subfield code="c">ASAB Library</subfield>
  </datafield>
  <datafield tag="050" ind1=" " ind2=" ">
    <subfield code="a">616.9041 , MUR</subfield>
  </datafield>
  <datafield tag="082" ind1=" " ind2=" ">
    <subfield code="2">9 th Ed.</subfield>
  </datafield>
  <datafield tag="100" ind1=" " ind2=" ">
    <subfield code="a">Patrick R Murray </subfield>
    <subfield code="9">91</subfield>
  </datafield>
  <datafield tag="245" ind1=" " ind2=" ">
    <subfield code="a">Manual of clinical microbiology</subfield>
    <subfield code="c">editor in chief, Patrick R. Murray ; editors, Ellen Jo Baron </subfield>
  </datafield>
  <datafield tag="250" ind1=" " ind2=" ">
    <subfield code="a">9th Ed</subfield>
  </datafield>
  <datafield tag="260" ind1=" " ind2=" ">
    <subfield code="a">USA</subfield>
    <subfield code="b">ASM Press</subfield>
  </datafield>
  <datafield tag="300" ind1=" " ind2=" ">
    <subfield code="a">2218,xi</subfield>
  </datafield>
  <datafield tag="440" ind1=" " ind2=" ">
    <subfield code="a">Manual of clinical microbiology</subfield>
    <subfield code="v">2</subfield>
    <subfield code="9">92</subfield>
  </datafield>
  <datafield tag="600" ind1=" " ind2=" ">
    <subfield code="a"> </subfield>
    <subfield code="9">94</subfield>
  </datafield>
  <datafield tag="650" ind1=" " ind2=" ">
    <subfield code="2">Microbiology</subfield>
    <subfield code="9">93</subfield>
    <subfield code="a">Microbiology</subfield>
  </datafield>
  <datafield tag="942" ind1=" " ind2=" ">
    <subfield code="2">ddc</subfield>
    <subfield code="c">BK</subfield>
  </datafield>
  <datafield tag="999" ind1=" " ind2=" ">
    <subfield code="c">16455</subfield>
    <subfield code="d">16455</subfield>
  </datafield>
  <datafield tag="952" ind1=" " ind2=" ">
    <subfield code="0">0</subfield>
    <subfield code="1">0</subfield>
    <subfield code="2">ddc</subfield>
    <subfield code="4">0</subfield>
    <subfield code="7">0</subfield>
    <subfield code="8">REF</subfield>
    <subfield code="a">ASAB</subfield>
    <subfield code="b">ASAB</subfield>
    <subfield code="d">2013-12-04</subfield>
    <subfield code="l">0</subfield>
    <subfield code="o">616.9041 MUR</subfield>
    <subfield code="p">ASAB650</subfield>
    <subfield code="r">2013-12-04</subfield>
    <subfield code="w">2013-12-04</subfield>
    <subfield code="y">BK</subfield>
  </datafield>
  <datafield tag="952" ind1=" " ind2=" ">
    <subfield code="0">0</subfield>
    <subfield code="1">0</subfield>
    <subfield code="2">ddc</subfield>
    <subfield code="4">0</subfield>
    <subfield code="7">0</subfield>
    <subfield code="8">REF</subfield>
    <subfield code="a">ASAB</subfield>
    <subfield code="b">ASAB</subfield>
    <subfield code="d">2013-12-04</subfield>
    <subfield code="l">0</subfield>
    <subfield code="o">616.9041 MUR </subfield>
    <subfield code="p">ASAB649</subfield>
    <subfield code="r">2013-12-04</subfield>
    <subfield code="w">2013-12-04</subfield>
    <subfield code="y">BK</subfield>
  </datafield>
  <datafield tag="952" ind1=" " ind2=" ">
    <subfield code="0">0</subfield>
    <subfield code="1">0</subfield>
    <subfield code="2">ddc</subfield>
    <subfield code="4">0</subfield>
    <subfield code="7">0</subfield>
    <subfield code="a">ASAB</subfield>
    <subfield code="b">ASAB</subfield>
    <subfield code="d">2012-04-20</subfield>
    <subfield code="l">0</subfield>
    <subfield code="o">616.9041,MUR (C)</subfield>
    <subfield code="p">ASAB955</subfield>
    <subfield code="r">2012-04-20</subfield>
    <subfield code="t">photocopy</subfield>
    <subfield code="w">2012-04-20</subfield>
    <subfield code="y">BK</subfield>
  </datafield>
  <datafield tag="952" ind1=" " ind2=" ">
    <subfield code="0">0</subfield>
    <subfield code="1">0</subfield>
    <subfield code="2">ddc</subfield>
    <subfield code="4">0</subfield>
    <subfield code="7">0</subfield>
    <subfield code="a">ASAB</subfield>
    <subfield code="b">ASAB</subfield>
    <subfield code="d">2012-04-20</subfield>
    <subfield code="l">0</subfield>
    <subfield code="o">616.9041,MUR (C)</subfield>
    <subfield code="p">ASAB956</subfield>
    <subfield code="r">2012-04-20</subfield>
    <subfield code="t">photocopy</subfield>
    <subfield code="w">2012-04-20</subfield>
    <subfield code="y">BK</subfield>
  </datafield>
  <datafield tag="952" ind1=" " ind2=" ">
    <subfield code="0">0</subfield>
    <subfield code="1">0</subfield>
    <subfield code="2">lcc</subfield>
    <subfield code="4">0</subfield>
    <subfield code="7">0</subfield>
    <subfield code="a">ASAB</subfield>
    <subfield code="b">ASAB</subfield>
    <subfield code="d">2012-04-20</subfield>
    <subfield code="l">0</subfield>
    <subfield code="o">616.9041,MUR (C)</subfield>
    <subfield code="p">ASAB959</subfield>
    <subfield code="r">2012-04-20</subfield>
    <subfield code="t">photocopy</subfield>
    <subfield code="w">2012-04-20</subfield>
    <subfield code="y">BK</subfield>
  </datafield>
  <datafield tag="952" ind1=" " ind2=" ">
    <subfield code="0">0</subfield>
    <subfield code="1">0</subfield>
    <subfield code="2">lcc</subfield>
    <subfield code="4">0</subfield>
    <subfield code="7">0</subfield>
    <subfield code="a">ASAB</subfield>
    <subfield code="b">ASAB</subfield>
    <subfield code="d">2012-04-20</subfield>
    <subfield code="l">0</subfield>
    <subfield code="o">616.9041,MUR (C)</subfield>
    <subfield code="p">ASAB958</subfield>
    <subfield code="r">2012-04-20</subfield>
    <subfield code="t">photocopy</subfield>
    <subfield code="w">2012-04-20</subfield>
    <subfield code="y">BK</subfield>
  </datafield>
  <datafield tag="952" ind1=" " ind2=" ">
    <subfield code="0">0</subfield>
    <subfield code="1">0</subfield>
    <subfield code="2">lcc</subfield>
    <subfield code="4">0</subfield>
    <subfield code="7">0</subfield>
    <subfield code="a">ASAB</subfield>
    <subfield code="b">ASAB</subfield>
    <subfield code="d">2012-04-20</subfield>
    <subfield code="l">0</subfield>
    <subfield code="o">616.9041,MUR (C)</subfield>
    <subfield code="p">ASAB964</subfield>
    <subfield code="r">2012-04-20</subfield>
    <subfield code="t">photocopy</subfield>
    <subfield code="w">2012-04-20</subfield>
    <subfield code="y">BK</subfield>
  </datafield>
  <datafield tag="952" ind1=" " ind2=" ">
    <subfield code="0">0</subfield>
    <subfield code="1">0</subfield>
    <subfield code="2">lcc</subfield>
    <subfield code="4">0</subfield>
    <subfield code="7">0</subfield>
    <subfield code="a">ASAB</subfield>
    <subfield code="b">ASAB</subfield>
    <subfield code="d">2012-04-20</subfield>
    <subfield code="l">0</subfield>
    <subfield code="o">616.9041,MUR (C)</subfield>
    <subfield code="p">ASAB957</subfield>
    <subfield code="r">2012-04-20</subfield>
    <subfield code="t">photocopy</subfield>
    <subfield code="w">2012-04-20</subfield>
    <subfield code="y">BK</subfield>
  </datafield>
  <datafield tag="952" ind1=" " ind2=" ">
    <subfield code="0">0</subfield>
    <subfield code="1">0</subfield>
    <subfield code="2">lcc</subfield>
    <subfield code="4">0</subfield>
    <subfield code="7">0</subfield>
    <subfield code="a">ASAB</subfield>
    <subfield code="b">ASAB</subfield>
    <subfield code="d">2012-04-20</subfield>
    <subfield code="l">0</subfield>
    <subfield code="o">616.9041,MUR (C)</subfield>
    <subfield code="p">ASAB961</subfield>
    <subfield code="r">2012-04-20</subfield>
    <subfield code="t">photocopy</subfield>
    <subfield code="w">2012-04-20</subfield>
    <subfield code="y">BK</subfield>
  </datafield>
  <datafield tag="952" ind1=" " ind2=" ">
    <subfield code="0">0</subfield>
    <subfield code="1">0</subfield>
    <subfield code="2">lcc</subfield>
    <subfield code="4">0</subfield>
    <subfield code="7">0</subfield>
    <subfield code="a">ASAB</subfield>
    <subfield code="b">ASAB</subfield>
    <subfield code="d">2012-04-20</subfield>
    <subfield code="l">0</subfield>
    <subfield code="o">616.9041,MUR (C)</subfield>
    <subfield code="p">ASAB963</subfield>
    <subfield code="r">2012-04-20</subfield>
    <subfield code="t">photocopy</subfield>
    <subfield code="w">2012-04-20</subfield>
    <subfield code="y">BK</subfield>
  </datafield>
  <datafield tag="952" ind1=" " ind2=" ">
    <subfield code="0">0</subfield>
    <subfield code="1">0</subfield>
    <subfield code="2">lcc</subfield>
    <subfield code="4">0</subfield>
    <subfield code="7">0</subfield>
    <subfield code="a">ASAB</subfield>
    <subfield code="b">ASAB</subfield>
    <subfield code="d">2012-04-20</subfield>
    <subfield code="l">0</subfield>
    <subfield code="o">616.9041,MUR (C)</subfield>
    <subfield code="p">ASAB962</subfield>
    <subfield code="r">2012-04-20</subfield>
    <subfield code="t">photocopy</subfield>
    <subfield code="w">2012-04-20</subfield>
    <subfield code="y">BK</subfield>
  </datafield>
  <datafield tag="952" ind1=" " ind2=" ">
    <subfield code="0">0</subfield>
    <subfield code="1">0</subfield>
    <subfield code="2">lcc</subfield>
    <subfield code="4">0</subfield>
    <subfield code="5">0</subfield>
    <subfield code="7">0</subfield>
    <subfield code="a">ASAB</subfield>
    <subfield code="b">ASAB</subfield>
    <subfield code="d">2012-04-20</subfield>
    <subfield code="l">0</subfield>
    <subfield code="o">616.9041,MUR (C)</subfield>
    <subfield code="p">ASAB960</subfield>
    <subfield code="r">2012-04-20</subfield>
    <subfield code="t">photocopy</subfield>
    <subfield code="w">2012-04-20</subfield>
    <subfield code="y">BK</subfield>
  </datafield>
</record>
